000 00597nam a22001697a 4500
003 OSt
005 20171010095443.0
008 120614t xxu||||| |||| 00| 0 eng d
040 _aMMSU
_cULS
100 _aGantala, Jennifer B., et al
_910322
245 _aDesign, fabrication and testing of a laboratory-scale batch acetetor
_cJennifer B. Gantala et al.
260 _c2006
300 _aviii, 43 leaves
_c28 cm.
500 _aThesis (BS Chemical Engineering) -- Mariano Marcos State University-College of Engineering, Batac City
504 _aBibliography: leaves 35-36
942 _2ddc
_cTHEDIS
999 _c9562
_d9562